| LEADER |
01168nam0a2200193 450 |
| 001 |
16837053 |
| 010 |
|
|
|a 978-2-221-25337-3
|b Br.
|d 17
|
| 100 |
|
|
|a 20210713d2021 u u0frey01 ba
|
| 101 |
1 |
|
|a fre
|c eng
|
| 200 |
0 |
|
|a Auberge (l')
|f Julia Chapman
|g trad. Dominique Haas, trad. Stéphanie Leigniel
|
| 207 |
|
1 |
|a
|
| 210 |
|
|
|a Paris
|b 24, Av Marceau
|c Laffont
|d 2021
|
| 330 |
|
|
|a Branle-bas de combat dans la petite commune pyrénéenne de Fogas : l'Auberge des Deux Vallées vient d'être rachetée par un couple d'Anglais. Les habitants vont-ils devoir troquer foie gras, garbure et cassoulet contre buf bouilli, fish & chips et infâme jelly ? Sus à l'envahisseur ! Ni une ni deux, le maire, fou de rage, convoque d'urgence un conseil municipal, mais les querelles internes ne font que jeter de l'huile sur le feu... Français et Britanniques sauront-ils trouver un terrain d'entente à la table des négociations ?
|
| 700 |
|
0 |
|a Chapman
|b Julia
|4 70
|
| 702 |
|
0 |
|a Haas
|b Dominique
|4 730
|
| 702 |
|
0 |
|a Leigniel
|b Stéphanie
|4 730
|
| 900 |
|
|
|a Roman
|
| 901 |
|
|
|a Accessible au prêt
|
| 995 |
|
|
|a Bibliothèque
|c Bibliothèque
|f 024021585
|h 024021585
|k R CHA
|o p
|q a
|r az
|e Bibliothèque
|